000 00462nam#a2200181#c#4500
003 IEF
005 20180219163109.0
008 941205s1968 uuu####fr####| 0||u| |u
040 _aIEF
100 1 _aBeckerman, Wilfred
_94450
245 _aAn introduction to national income analysis
260 _aLondon
_b Weidenfeld and Nicolson
_c1968
300 _a254 p.
_c 21 cm.
650 4 _aRENTA NACIONAL
_948262
942 _cLIB
942 _z37500
999 _c78522
_d78522